Loading...
Teacher and the child development
| Main Author: | |
|---|---|
| Format: | Printed Book |
| Published: |
New Delhi
Anmol
1998
|
| Series: | Encyclioeadia of chid psychology and development series
|
| Subjects: |
| LEADER | 00548cam a2200169ua 4500 | ||
|---|---|---|---|
| 020 | |a 81-7488-780-6 | ||
| 082 | |a 370.15 |b SUR/T | ||
| 100 | |a Suresh Dutt | ||
| 245 | 0 | 0 | |a Teacher and the child development |
| 260 | |a New Delhi |b Anmol |c 1998 | ||
| 300 | |a vii,328p.. | ||
| 490 | 0 | |a Encyclioeadia of chid psychology and development series | |
| 650 | |a Educational Psychology | ||
| 650 | 0 | |a Education | |
| 942 | |c BK | ||
| 999 | |c 3314 |d 3314 | ||
| 952 | |0 0 |1 0 |4 0 |6 370_150000000000000_SUR |7 0 |9 3466 |a KUCL |b KUCL |d 2014-05-23 |l 0 |o 370.15 SUR/ |p 06444 |r 2014-05-23 |w 2014-05-23 |y BK | ||